| 000 | 01166nam a2200337 a 4500 | ||
|---|---|---|---|
| 001 | 00331 | ||
| 003 | DO-SdBNP | ||
| 005 | 20240719114418.0 | ||
| 007 | 00331 | ||
| 008 | 081127s1970 sp a 000 0 spa d | ||
| 040 |
_aBPMSU _bspa _cBPMSU |
||
| 082 | 4 |
_a863.3 _bV436l 1970 _222 |
|
| 092 |
_a863.3 _bL431t |
||
| 100 | 1 |
_aVélez de Guevara, Luis, _d1579-1644 |
|
| 245 | 1 | 0 |
_aEl Lazarillo de Tormes ; El diablo cojuelo / _c Luis Velez de Guevara ;edicion y notas de Inmaculada Ferrer ; prólogo de Francisco Rico |
| 246 | 1 | 3 | _aEl diablo cojuelo |
| 250 | _a | ||
| 260 |
_aNavarra, España : _bSalvat Editores, _c1970 |
||
| 300 |
_a83,178 p. ; _c19 cm. |
||
| 490 | 0 |
_aBiblioteca básica, _v65 |
|
| 500 | _aIncluye referencias bibliográficas y notas al pie de las páginas | ||
| 563 | _aDos obras encuadernadas juntas con paginación continua | ||
| 590 | _aInventariado, 2024/VM | ||
| 650 | 4 | _aNovela española | |
| 650 | 4 | _aLiteratura picaresca española. | |
| 700 | 1 |
_aFrancisco Rico _eprólogo |
|
| 710 | 2 | _aBiblioteca Básica (Salvat) | |
| 740 | _aEl diablo cojuelo. | ||
| 910 | _aVMateo V. Control de caliad. BPMSU | ||
| 942 |
_2ddc _cBK |
||
| 999 |
_c9221 _d9221 |
||